000 00427nam a22001817a 4500
003 MPLRDC
005 20220104124329.0
008 210129b ||||| |||| 00| 0 eng d
020 _a9971-0-0909-9
082 _a738.7273 CLQ
100 _a蔡良乾
245 _a狮城采访
_c
250 _a初版
260 _a
_b教育出版社
_c1980
300 _b
650 _a东南亚--新加坡
942 _cBK
_o738.7273 CLQ
999 _c18476
_d18466